Achieving patient compliance : (Record no. 1412)

000 -LEADER
fixed length control field 00972pam a2200301 a 4500
003 - CONTROL NUMBER IDENTIFIER
control field OSt
005 - DATE AND TIME OF LATEST TRANSACTION
control field 20210628061906.0
008 - FIXED-LENGTH DATA ELEMENTS--GENERAL INFORMATION
fixed length control field 820218s1982 nyu b 001 0 eng
020 ## - INTERNATIONAL STANDARD BOOK NUMBER
International Standard Book Number 0080275524
020 ## - INTERNATIONAL STANDARD BOOK NUMBER
International Standard Book Number 0080275516 (pbk.)
040 ## - CATALOGING SOURCE
Transcribing agency DLC
050 10 - LIBRARY OF CONGRESS CALL NUMBER
Classification number R726.5
Item number .D55 1982
100 1# - MAIN ENTRY--PERSONAL NAME
Personal name DiMatteo, M. Robin.
245 10 - TITLE STATEMENT
Title Achieving patient compliance :
Remainder of title the psychology of the medical practitioner's role /
Statement of responsibility, etc. M. Robin DiMatteo, D. Dante DiNicola.
260 ## - PUBLICATION, DISTRIBUTION, ETC.
Place of publication, distribution, etc. New York :
Name of publisher, distributor, etc. Pergamon Press,
Date of publication, distribution, etc. c1982.
300 ## - PHYSICAL DESCRIPTION
Extent xvi, 335 p. ;
Dimensions 24 cm.
440 #0 - SERIES STATEMENT/ADDED ENTRY--TITLE
Title Pergamon general psychology series ;
Volume/sequential designation no. 110
500 ## - GENERAL NOTE
General note Includes indexes.
504 ## - BIBLIOGRAPHY, ETC. NOTE
Bibliography, etc. note Bibliography: p. 277-319.
650 #0 - SUBJECT ADDED ENTRY--TOPICAL TERM
Topical term or geographic name entry element Patient compliance.
650 #0 - SUBJECT ADDED ENTRY--TOPICAL TERM
Topical term or geographic name entry element Physician and patient.
700 1# - ADDED ENTRY--PERSONAL NAME
Personal name DiNicola, D. Dante
Fuller form of name (David Dante),
Dates associated with a name 1957-
906 ## - LOCAL DATA ELEMENT F, LDF (RLIN)
a 7
b cbc
c orignew
d 1
e ocip
f 19
g y-gencatlg
942 ## - ADDED ENTRY ELEMENTS (KOHA)
Source of classification or shelving scheme
Koha item type Book
Suppress in OPAC DO
Holdings
Withdrawn status Lost status Source of classification or shelving scheme Damaged status Not for loan Permanent Location Current Location Shelving location Date acquired Total Checkouts Full call number Barcode Date last seen Price effective from Koha item type Public note Source of acquisition Copy number
          AU LIBRARY AU LIBRARY Open Shelf 28.06.2021   R726.5 .D55 1982 28002090 28.06.2021 28.06.2021 Book DO    
          AU LIBRARY AU LIBRARY Open Shelf 29.03.2022   R726.5 .D55 1982 C2 28011655 29.03.2022 29.03.2022 Book SM DONATION FROM MOI UNIVERSITY 2

Powered by Koha